| 000 | 00641nam a2200253Ia 4500 | ||
|---|---|---|---|
| 008 | 210210b2009 xxu||||| |||| 00| 0 eng d | ||
| 020 | _a9788173714511 | ||
| 041 | _aeng | ||
| 082 | _a001.642 DATC | ||
| 100 | _aDATTA (N) | ||
| 245 | _aComputer programming and numerical analysis: an integrated approach | ||
| 260 |
_aHyderabad _bUniversities Press (India) Limited _c2009 |
||
| 300 | _axi,501 | ||
| 650 | _aprogramming | ||
| 650 | _anumerical | ||
| 650 | _aintegrated | ||
| 650 | _aComputer | ||
| 650 | _aapproach | ||
| 650 | _aand | ||
| 650 | _aanalysis: | ||
| 650 | _aan | ||
| 690 | _aComputer Science | ||
| 906 | _a065253 | ||
| 999 |
_c142443 _d142443 |
||